Teoretické a právní aspekty pořádkové činnosti policie /

Hlavní autor: Filák, Antonín
Korporativní autor: Policejní akademie České republiky. Katedra bezpečnostních služeb
Jazyk: Čeština
Vydáno: Praha : Policejní akademie České republiky, 2001
Vydání: Vyd. 1.
Témata:
Fyzický popis: 93 s. ; 29 cm
Knihy
Uloženo v:
LEADER 01447nam a2200373 a 4500
001 000591507
003 CZ BrMZK
005 20110810144931.0
007 ta
008 020322s2001 xr e p cze d
015 |a cnb001093322 
020 |a 80-7251-074-6 
035 |a (OCoLC)51189107 
040 |a BOA001  |b cze 
043 |a e-xr--- 
072 7 |a 351  |x Úkoly veřejné správy, správní opatření, legislativa  |2 Konspekt  |9 15 
072 7 |a 37.016  |x Učební osnovy. Vyučovací předměty. Učebnice  |2 Konspekt  |9 22 
080 |a 351.74  |2 MRF 
080 |a 351.75  |2 MRF 
080 |a (437.3)  |2 MRF 
080 |a (075.8)  |2 MRF 
100 1 |a Filák, Antonín  |7 xx0007304  |4 aut 
245 1 0 |a Teoretické a právní aspekty pořádkové činnosti policie /  |c Antonín Filák ... [et a.] 
250 |a Vyd. 1. 
260 |a Praha :  |b Policejní akademie České republiky,  |c 2001 
300 |a 93 s. ;  |c 29 cm 
650 0 7 |a policie  |7 ph124228  |z Česko  |2 czenas 
650 0 7 |a veřejný pořádek  |7 ph127088  |z Česko  |2 czenas 
655 7 |a učebnice vysokých škol  |7 fd133772  |2 czenas 
710 2 |a Policejní akademie České republiky.  |b Katedra bezpečnostních služeb  |7 ko2002159766 
910 |a BOA001  |b 3-1104.347 
990 |a BK 
996 6 |b 2610165170  |c 3-1104.347  |l MZK  |r Sklad / do 1 hodiny  |n 1  |p p.v.  |w 000591507  |u 000010  |a 1  |e BOA001  |j MZK50  |s P 
996 7 |b 2610165171  |c 3-1104.347  |l MZK  |r Sklad / do 1 hodiny  |n 15  |p kup  |w 000591507  |u 000020  |a 1  |e BOA001  |j MZK50  |s A